|
|
|
|
| LEADER |
00000nam0a2200000 4500 |
| 001 |
316214 |
| 005 |
20231102002844.0 |
| 010 |
|
|
|a 9785170902996
|
| 035 |
|
|
|a (RuTPU)RU\TPU\book\341652
|
| 090 |
|
|
|a 316214
|
| 100 |
|
|
|a 20160316d2015 m y0rusy50 ca
|
| 101 |
0 |
|
|a rus
|
| 102 |
|
|
|a RU
|
| 105 |
|
|
|a y z 000ay
|
| 200 |
1 |
|
|a Найти "Сатану"
|e [роман]
|f Д. А. Корецкий
|
| 210 |
|
|
|a Москва
|c АСТ
|d 2015
|
| 215 |
|
|
|a 415 с.
|
| 330 |
|
|
|a Дружба трех курсантов Академии ракетных войск совпала с событиями «холодной войны»: в строй вступает ракетная система «Периметр», обеспечивающая удар возмездия по возможному агрессору, международный договор требует ее ликвидации, но одна ракета — по западной классификации «Сатана» — оставлена нести боевое дежурство в автоматическом режиме. Цепочка случайностей и авиационная катастрофа вывели «Сатану» из-под контроля: люди, знающие о ее существовании, ушли из жизни, и о «засадной» ракете все забыли. Судьбы курсантов сложились по-разному, но главное, их дружба закончилась из-за ложного навета, а жизненные пути разошлись. И только через тридцать лет, когда нашли упавший в тайгу самолет с документацией, судьбы генерала, подполковника и бывшего капитана сплелись в трагический узел вокруг готовящейся к старту «Сатаны»...
|
| 606 |
1 |
|
|a Русская литература современная
|2 stltpush
|3 (RuTPU)RU\TPU\subj\26373
|9 50316
|
| 610 |
1 |
|
|a приключения
|
| 610 |
1 |
|
|a романы
|
| 610 |
1 |
|
|a боевики
|
| 610 |
1 |
|
|a детективы
|
| 675 |
|
|
|a Р2
|v 4
|
| 700 |
|
1 |
|a Корецкий
|b Д. А.
|g Данил Аркадьевич
|
| 801 |
|
1 |
|a RU
|b 63413507
|c 20160316
|
| 801 |
|
2 |
|a RU
|b 63413507
|c 20160422
|g RCR
|
| 942 |
|
|
|c BK
|
| 959 |
|
|
|a 11/20160128
|d 1
|e 333,00
|f ХФ:1
|